000 00612nam a22002052 4500
001 0000007388
005 20151217155834.0
008 080121s xx 000 0 eng d
020 _cKES 15
040 _aKABU
_cKABU
110 2 _aKenya.
_bCommission on the Law of Marriage and Devorce.
_@0000158619
245 1 0 _aReport.
260 _aNairobi :
_bGovernment Printer,
_c1968.
300 _a209 p.
650 0 _aMarriage law
_zKenya.
_@0000158620
650 0 _aDivorce
_xLaw and legislation
_zKenya.
_@0000158621
908 _a080121
950 _@1
999 _c13089
_d13089